Состояние и перспективы развития ассортимента химических реактивов для важнейших отраслей народного хозяйства и научных исследований. Т. 3: [Органические и неорганические соединения и биохимические препараты] (Запись № 6605545)
[ простой вид ]
| 000 -МАРКЕР | |
|---|---|
| контрольное поле | 01594nam2a22002291 4500 |
| 001 - ИДЕНТИФИКАТОР ЗАПИСИ | |
| контрольное поле | rc\367054 |
| 005 - ИДЕНТИФИКАТОР ВЕРСИИ | |
| контрольное поле | 20250621064737.0 |
| 035 ## - ДРУГИЕ СИСТЕМНЫЕ НОМЕРА | |
| Идентификатор записи | (NLR Aleph) 005634590 |
| 100 ## - ДАННЫЕ ОБЩЕЙ ОБРАБОТКИ | |
| Данные общей обработки | 20030307d1989 |||y0rusy50 ca |
| 101 0# - ЯЗЫК РЕСУРСА | |
| Язык текста, звукозаписи и т.д. | русский |
| 102 ## - СТРАНА ПУБЛИКАЦИИ ИЛИ ПРОИЗВОДСТВА | |
| Страна публикации | Российская Федерация |
| 105 ## - ПОЛЕ КОДИРОВАННЫХ ДАННЫХ: ТЕКСТОВЫЕ МАТЕРИАЛЫ, МОНОГРАФИЧЕСКИЕ | |
| Кодированные данные о монографическом текстовом документе | y ||||||||| |
| 200 1# - ЗАГЛАВИЕ И СВЕДЕНИЯ ОБ ОТВЕТСТВЕННОСТИ | |
| Основное заглавие | [Органические и неорганические соединения и биохимические препараты] |
| 215 ## - ФИЗИЧЕСКАЯ ХАРАКТЕРИСТИКА | |
| Специфическое обозначение материала и объем | 139 с. |
| 320 ## - ПРИМЕЧАНИЯ О НАЛИЧИИ В ДОКУМЕНТЕ БИБЛИОГРАФИИ / УКАЗАТЕЛЯ | |
| Текст примечания | Авт. указ.: с. 134-139 |
| 461 #0 - УРОВЕНЬ НАБОРА | |
| Встроенное поле | 001rc\367051 |
| -- | 2001#$aСостояние и перспективы развития ассортимента химических реактивов для важнейших отраслей народного хозяйства и научных исследований$eТез. докл.$e[В 3 т.]$fIII Всесоюз. совещ. по хим. реактивам, 19-23 сент. 1989 г. [Ашхабад$gРедкол.: Д.Л. Рахманкулов (отв. ред.) и др.]$vТ. 3 |
| Системный номер (АБИС) связанной записи | 6605518 |
| Место публикации | Ашхабад |
| Дата публикации | 1989 |
| Первые сведения об ответственности | III Всесоюз. совещ. по хим. реактивам, 19-23 сент. 1989 г. [Ашхабад |
| Имя издателя, распространителя и т.д. | Уфим. нефт. ин-т |
| Сведения, относящиеся к заглавию | Тез. докл. : [В 3 т.] |
| Заглавие | Состояние и перспективы развития ассортимента химических реактивов для важнейших отраслей народного хозяйства и научных исследований |
| Номер тома | Т. 3 |
| 801 #0 - ИСТОЧНИК ЗАПИСИ | |
| Страна | Российская Федерация |
| Организация | NLR |
| Правила каталогизации | psbo |
| 801 #1 - ИСТОЧНИК ЗАПИСИ | |
| Страна | Российская Федерация |
| Организация | ELAR |
| Источник данных | rusmarc |
| 852 ## - МЕСТОНАХОЖДЕНИЕ И ШИФР ХРАНЕНИЯ | |
| Идентификатор организации | NLR |
| Шифр хранения (Call Number) | 89-3/11247 |
| 942 ## - ДОПОЛНИТЕЛЬНЫЕ ЭЛЕМЕНТЫ ЗАПИСИ (АБИС) | |
| Тип экземпляра АБИС | Книга |
| 980 ## - КОЛЛЕКЦИЯ | |
| Название коллекции | Национальная библиография |
| Тип экземпляра | Дата поступления | Библиотека постоянного хранения | Библиотека текущего хранения | Место хранения | Шифр хранения | Штрих-код | Статус экземпляра |
|---|---|---|---|---|---|---|---|
| Книга | 26.10.2013 | РНБ (Московский) | РНБ (Московский) | Русский книжный фонд: издания с 1957 года | 89-3/11247 | 5634590-10 |